Online Catalogue and eLibrary

Living With Torturers: (Record no. 1026)

MARC details
000 -LEADER
fixed length control field 00573nam a2200193Ia 4500
005 - DATE AND TIME OF LATEST TRANSACTION
control field 20250317014436.0
008 - FIXED-LENGTH DATA ELEMENTS--GENERAL INFORMATION
fixed length control field 240331s9999 xx 000 0 und d
020 ## - INTERNATIONAL STANDARD BOOK NUMBER
ISBN 9555800057
082 ## - DDC Classification
Class No. 301
Item Number - Author Mark PER
DDC Edition Number 3841
100 ## - MAIN ENTRY--PERSONAL NAME
Personal name Perera, S
245 #0 - TITLE STATEMENT
Title Living With Torturers:
Remainder of title And Other Essays of Intervention: Sri Lankan Society, Culture and Politics in Perspective
260 ## - PUBLICATION, DISTRIBUTION, ETC.
Place of publication, distribution, etc. Colombo,
Name of publisher, distributor, etc. International Centre for Ethnic Studies (ICES)
Date of publication, distribution, etc. 1995
300 ## - PHYSICAL DESCRIPTION
Extent (e.g. Volumes, Pages etc.) ix, 89 p.,
650 ## - SUBJECT ADDED ENTRY--TOPICAL TERM
Topical term or geographic name entry element Patriotism
650 ## - SUBJECT ADDED ENTRY--TOPICAL TERM
Topical term or geographic name entry element Religion
650 ## - SUBJECT ADDED ENTRY--TOPICAL TERM
Topical term or geographic name entry element Racism
650 ## - SUBJECT ADDED ENTRY--TOPICAL TERM
Topical term or geographic name entry element Society
942 ## - Koha item type (Biblio)
Koha item type Books in Stacks (Lending)
Holdings
Lost status Damaged status Collection code Home library Current library Shelving location Date acquired Full call number Accession Number Item type
    Lending WERC Library WERC Library Social Science Cupboard 03/31/2024 301 PER 3841 Books in Stacks (Lending)

© WERC Library